Diseño de un control de nivel y temperatura para un horno usado en la fundición de sal común
Uloženo v:
| Hlavní autor: | |
|---|---|
| Další autoři: | |
| Médium: | Kniha |
| Vydáno: |
[San José , Costa Rica]
1974
|
| Tagy: |
Přidat tag
Žádné tagy, Buďte první, kdo vytvoří štítek k tomuto záznamu!
|
MARC
| LEADER | 00000nam a2200000Ia 4500 | ||
|---|---|---|---|
| 003 | PIE054 | ||
| 005 | 20231115103225.0 | ||
| 008 | 140116s1974 c a m 000 ||s d | ||
| 040 | |c cru CEDI | ||
| 090 | |a PIE-54 | ||
| 100 | |a García Córdoba, Danilo |9 16909 | ||
| 245 | |a Diseño de un control de nivel y temperatura para un horno usado en la fundición de sal común | ||
| 260 | |a [San José , Costa Rica] |c 1974 | ||
| 300 | |a 51[4] hojas | ||
| 500 | |a A la cabeza de la portada. Universidad de Costa Rica. Facultad de Ingeniería. Escuela de Ingeniería Eléctrica y Mecánica. Proyecto Eléctrico | ||
| 501 | |a Profesor guía: Ing. Marco A. Vásquez | ||
| 700 | |a Vásquez, Marco Antonio |d Director de Proyecto Eléctrico |9 1768 | ||
| 942 | |c PIE |h PIE-54 |i PIE054 |6 PIE_54_PIE054 | ||
| 999 | |c 13429 |d 13429 | ||
